1411 1484 1952 1532 1315 1291 1810 1637 1132 1614 1605 1137 1034 1944 1222 1203 1168 1565 1833 1355 1046 1887 1935 1382 1159 1872 1185 1266 1326 1117 1427 1181 1007 1716 1843 1990 1717 1747 1400 1718 1125 1323 1599 1530 1798 1473 1968 1821 1400 1817 1607 1132 1682 1976 1007 1640 1283 1443 1552 1807 1620 1576 1935 1563 1934 1577 1184 1865 1588 1948 1533 1729 1551 1699 1144 1453 1786 1351 1425 1053 1293 1899 1339 1344 1603 1523 1880 1952 1424 1534 1155 1332 1016 1661 1598 1801 1344 1370 1462 BCNSPRNW ULIB Ver.6.0+V

เปลี่ยนเป็นภาษาไทย

Change to English
 แสดงรายละเอียดบรรณานุกรม
  กลับหน้าหลัก

Brief Record : Get Marc (ISO 2709) : E-mail record : QR code < ปิดหน้าต่าง
LEADER : 00000nam 2200000uu 4500
001    13399113001
003     ULIB
008    110921s2551||||th 000 0 tha d
020    9789743891083
050  4 N1021^bส691ศ 2551
245 00 ศิลปกรรมพระประวัติและพระกรณียกิจในสมเด็จพระเจ้าพี่นางเธอ เจ้าฟ้ากัลยาณิวัฒนา กรมหลวงนราธิวาสราชนครินทร์ /^cสำนักงานศิลปวัฒนธรรมร่วมสมัย กระทรวงวัฒนธรรม
250    พิมพ์ครั้งที่ 1
260    กรุงเทพฯ :^bสำนักงานศิลปวัฒนธรรมร่วมสมัย,^c2551
300    203 หน้า :^bภาพประกอบสี ;^c26 ซม.
500    ชื่อเรื่องจากปกรัฐบาลในพระบาทสมเด็จพระปรมินทรมหาภูมิพลอดุลยเดชจัดพิมพ์ทูลเกล้าฯ ถวายสนองพระมหากรุณาธิคุณในงานพระราชพิธีพระราชทานเพลิงพระศพสมเด็จพระเจ้าพี่นางเธอ เจ้าฟ้ากัลยาณิวัฒนา กรมหลวงนราธิวาสราชนครินทร์ ณ พระเมรุ ท้องสนามหลวง วันเสาร์ที่ 15 พฤศจิกายน พุทธศักราช 2551
600 07 กัลยาณิวัฒนา กรมหลวงนราธิวาสราชนครินทร์,^cสมเด็จพระเจ้าพี่นางเธอ เจ้าฟ้า,^d2466-2551^xพระราชกรณียกิจ
600 07 กัลยาณิวัฒนา กรมหลวงนราธิวาสราชนครินทร์,^cสมเด็จพระเจ้าพี่นางเธอ เจ้าฟ้า,^d2466-2551^xภาพ
650  4 ศิลปกรรมไทย
710 2  สำนักงานศิลปวัฒนธรรมร่วมสมัย
945    ^p0^l0^i025117
945    ^p0^l0^i025118
995    ทศพร
999 ^a ทศพร
รายการนี้ยังไม่มีแท็ก
คุณยังไม่ได้ล็อกอิน คุณสามารถมีกิจกรรมร่วมกับเว็บไซต์ได้ แต่ต้องล็อกอินก่อน ::
  ล็อกอิน

รายการสื่อสารสนเทศ

ลำดับที่ ประเภท เลขเรียก/บาร์โค้ด สถานที่ สถานะ
- ไม่พบข้อมูล -

รายการใกล้เคียง
    หัวเรื่อง [ศิลปกรรมไทย]

BibComment


ยังไม่เคยถูกคอมเมนท์

คอมเมนท์ทรัพยากรรายการนี้
  คอมเมนท์: ศิลปกรรมพระประวัต..


 Copyright 2026. Bcnsprnw @Library